000 00403nam a22001697a 4500
005 20160520154746.0
008 160520b xxu||||| |||| 00| 0 eng d
020 _a81-7409-154-8
041 _aeng
082 _b3611
100 _aGarg G.C
_9892
245 _aA text book of electronical machines
260 _bKhanna Publishing
300 _a737
650 _aDIPLOMA ENGINEERING
_9817
942 _cBK
999 _c1226
_d1226